00873nam a2200277 i 4500001001000000003000900010005001700019007000300036008004100039020001500080040003000095041001300125082001800138245002500156264005500181300005500236336002700291337003200318338002800350590002600378650001000404910000700414942001400421952014300435999001700578000029562DO-SdBNP20260310114018.0ta260410s1996 dr 000 0 spa d a3926220635 aDO-SdBNPbspacBNPHUerda17aspaheng 4axxxbJ83122203aJosé Rincon - Mora 1aSanto Domingo :b[Editora no identificada],c1996 a215 páginas :bilustraciones, retratos ;c31 cm. atextobtxt2rdacontent asinmediaciónbn2rdamedia avolumenbnc2rdacarrier aInventariado, 2026/DG 988898 aDG 2ddccLBS1 00102ddc51708PDaBNPHUbBNPHUcCTd2026-03-10eDonaciónl0oBNPHU PD J831p2026-1859r2026-03-10w2026-03-10yLBS1zMonica Despradel c60475d60475